| 000 | 00971nam a22002655a 4500 | ||
|---|---|---|---|
| 003 | OSt | ||
| 005 | 20170619105343.0 | ||
| 008 | 170618s2000 ua a gr 000 0 ara d | ||
| 017 | _a1999 / 13972 | ||
| 020 | _a9772082853 | ||
| 040 |
_aEG-ScBUE _bara _cEG-ScBUE |
||
| 043 | _af-ua--- | ||
| 082 | 0 | 4 |
_a336.62 _bط و س _222 |
| 100 | 1 |
_aطوسون، عمر، _cالأمير، _d1872-1944. |
|
| 245 | 1 | 0 |
_aكتاب مالية مصر من عهد الفراعنة إلى الآن / _cعمر طوسون. _b |
| 246 | 3 | _aمالية مصر من عهد الفراعنة إلى الآن | |
| 250 | _aط. 2. | ||
| 260 |
_aالقاهرة : _bمكتبة مدبولي، _c2000. |
||
| 300 |
_a340، 23 ص. : _bإيض. ؛ _c24 سم. |
||
| 490 | 0 |
_aصفحات من تاريخ مصر ؛ _v43 |
|
| 650 | 7 |
_aالمالية العامة _zمصر _xتاريخ. _2BUEsh |
|
| 651 | 7 |
_aمصر _xأحوال اقتصادية _xتاريخ. _2BUEsh |
|
| 653 |
_bGGEN _bBUSBOL _cJune2017 |
||
| 942 | _2ddc | ||
| 999 |
_c24920 _d24892 |
||